[Event "CAN-op"]
[Site "Edmonton CAN"]
[Date "2000.07.12"]
[Round "6"]
[White "Pivovarov, Juraj"]
[Black "Day, Jonathan"]
[Result "1-0"]
[WhiteElo "1677"]
[BlackElo "1836"]
[PlyCount "81"]
[GameId "2160767911686577"]
[EventDate "2000.07.08"]
[EventType "swiss"]
[EventRounds "10"]
[EventCountry "CAN"]

1. c4 g6 2. e4 Bg7 3. d4 c5 4. Nf3 cxd4 5. Nxd4 Qb6 6. Nb3 d6 7. Bd3 Nd7 8. O-O Ngf6 9. Be3 Nc5 10. Nc3 Qc6 11. e5 Ng4 12. Bxc5 dxc5 13. Be4 Qc7 14. f4 Ne3 15. Nd5 Nxd5 16. Bxd5 O-O 17. Qf3 e6 18. Be4 f5 19. Bc2 Bd7 20. Qf2 b6 21. Bd1 Bc6 22. Bf3 Be4 23. Bxe4 fxe4 24. Qe3 Qc6 25. Nd2 Rad8 26. Nxe4 Rd4 27. Nd6 Rxd6 28. Rad1 Rdd8 29. Rd3 Rd7 30. Rf3 Rfd8 31. Ra3 Bh6 32. h4 a5 33. h5 Rd4 34. Qf2 Rd2 35. Qh4 Bg7 36. Rae3 Rxb2 37. Qxd8+ Bf8 38. Rg3 Kf7 39. hxg6+ hxg6 40. Rxg6 Kxg6 41. Qf6+ 1-0

[Event "CAN-op"]
[Site "Edmonton CAN"]
[Date "2000.07.12"]
[Round "6"]
[White "Planas, Rodolfo"]
[Black "Porubszki, Georg"]
[Result "0-1"]
[WhiteElo "1641"]
[BlackElo "2042"]
[PlyCount "88"]
[GameId "2160767911686578"]
[EventDate "2000.07.08"]
[EventType "swiss"]
[EventRounds "10"]
[EventCountry "CAN"]

1. e4 c5 2. Nc3 g6 3. g3 Bg7 4. d3 Nc6 5. Bg2 e6 6. Be3 d6 7. Qd2 Rb8 8. Nd1 Nge7 9. Bh6 O-O 10. Bxg7 Kxg7 11. f4 d5 12. Qc3+ Nd4 13. Ne3 b6 14. Nh3 Kg8 15. Rd1 Bb7 16. Kf2 f6 17. Qe1 e5 18. c3 Nb5 19. Rf1 d4 20. Nc4 dxc3 21. a4 c2 22. Rd2 Nd4 23. Qe3 c1=Q 24. Rxc1 Nb3 25. Rdd1 Nxc1 26. Qxc1 Qd4+ 27. Ke2 Nc6 28. Nd2 Rbd8 29. Nf3 Qxa4 30. Nf2 Nd4+ 31. Kf1 Nxf3 32. Bxf3 Kg7 33. Kg2 Qd4 34. fxe5 Qxe5 35. Ng4 Qd4 36. Qh6+ Kg8 37. Rd2 f5 38. Nf2 Rf7 39. Re2 Rdf8 40. Nh3 fxe4 41. dxe4 Rxf3 42. Nf4 R3xf4 43. gxf4 Bxe4+ 44. Kf1 Rxf4+ 0-1

[Event "CAN-op"]
[Site "Edmonton CAN"]
[Date "2000.07.12"]
[Round "6"]
[White "Quiring, John"]
[Black "Malito, Skylar"]
[Result "1-0"]
[WhiteElo "1977"]
[BlackElo "1505"]
[PlyCount "61"]
[GameId "2160767911686579"]
[EventDate "2000.07.08"]
[EventType "swiss"]
[EventRounds "10"]
[EventCountry "CAN"]

1. c4 Nf6 2. Nc3 d5 3. cxd5 Nxd5 4. d4 Bf5 5. Qb3 Nb6 6. e4 Bg6 7. Nf3 a6 8. h4 f6 9. Bf4 Bf7 10. Qd1 N8d7 11. Bd3 c5 12. d5 c4 13. Bc2 e5 14. dxe6 Bxe6 15. O-O Bc5 16. Nd5 Nxd5 17. exd5 Bf7 18. Re1+ Kf8 19. d6 Qb6 20. Re7 Bxf2+ 21. Kf1 Nc5 22. Qe2 Nd3 23. Bxd3 cxd3 24. Qxd3 Qb4 25. Qd2 Qb6 26. Rc1 Re8 27. Rxe8+ Bxe8 28. Rc8 Qb5+ 29. Kxf2 Qd7 30. Rc7 Qf5 31. Qe3 1-0

[Event "CAN-op"]
[Site "Edmonton CAN"]
[Date "2000.07.12"]
[Round "6"]
[White "Ramaswamy, Kiran"]
[Black "Thimm, Harald"]
[Result "1-0"]
[WhiteElo "1749"]
[BlackElo "2016"]
[PlyCount "105"]
[GameId "2160767911686581"]
[EventDate "2000.07.08"]
[EventType "swiss"]
[EventRounds "10"]
[EventCountry "CAN"]

1. e4 c6 2. d4 d5 3. e5 Bf5 4. Nf3 e6 5. Be2 Nd7 6. O-O Be7 7. h3 c5 8. c3 a6 9. Bd3 Bxd3 10. Qxd3 c4 11. Qd1 h6 12. Nh2 Qb6 13. f4 O-O-O 14. Kh1 g6 15. g4 f5 16. Nd2 h5 17. g5 Qa5 18. h4 Bf8 19. Ndf3 Ne7 20. Bd2 Nc6 21. Ne1 Ndb8 22. Ng2 Kd7 23. Ne3 Ke7 24. Rf2 Bg7 25. Nhf1 Nd7 26. Ng3 Nf8 27. Be1 b5 28. b3 Nd7 29. Rb2 Rb8 30. Rab1 Kf7 31. bxc4 bxc4 32. Rxb8 Rxb8 33. Rxb8 Ncxb8 34. Nxh5 Qxa2 35. Nf6 a5 36. h5 a4 37. hxg6+ Kf8 38. Kg1 a3 39. Qa4 Bxf6 40. gxf6 Qb2 41. Qa5 Qb6 42. Qxb6 Nxb6 43. Nc2 a2 44. Kg2 Nc8 45. Kg3 Na7 46. Bd2 Nb5 47. Kh4 Na3 48. Na1 Nd7 49. Kh5 Nb5 50. Kh6 Nxf6 51. exf6 Nd6 52. Kh7 Nf7 53. g7+ 1-0

[Event "CAN-op"]
[Site "Edmonton CAN"]
[Date "2000.07.12"]
[Round "6"]
[White "Robertson, Trevor"]
[Black "Mair, Bob"]
[Result "0-1"]
[WhiteElo "1266"]
[BlackElo "1695"]
[PlyCount "82"]
[GameId "2160767911686582"]
[EventDate "2000.07.08"]
[EventType "swiss"]
[EventRounds "10"]
[EventCountry "CAN"]

1. d4 f5 2. Nf3 Nf6 3. c4 g6 4. Nc3 Bg7 5. Bf4 d6 6. e3 O-O 7. Bd3 Re8 8. d5 e5 9. dxe6 Bxe6 10. O-O Nbd7 11. Qe2 Kh8 12. Bg5 h6 13. Bh4 Nf8 14. Nd5 N8h7 15. e4 g5 16. exf5 Bxd5 17. Qc2 Bxf3 18. gxf3 gxh4 19. Kh1 Qd7 20. Rg1 Ng5 21. f4 Qc6+ 22. Rg2 h3 23. Bf1 hxg2+ 24. Bxg2 Nge4 25. h3 Re7 26. Kh2 Rae8 27. Rg1 b5 28. b3 bxc4 29. bxc4 d5 30. Qd3 Qxc4 31. Qa3 c5 32. Qa5 Nxf2 33. Rf1 Qxf4+ 34. Kg1 Re2 35. Qxc5 Nxh3+ 36. Kh1 Nf2+ 37. Kg1 Qe3 38. Qc7 Nh3+ 39. Kh1 Qe5 40. Qxa7 Ng4 41. f6 Qh2# 0-1

[Event "CAN-op"]
[Site "Edmonton CAN"]
[Date "2000.07.12"]
[Round "6"]
[White "Rowson, Jonathan"]
[Black "Spraggett, Kevin"]
[Result "1/2-1/2"]
[WhiteElo "2494"]
[BlackElo "2501"]
[PlyCount "50"]
[GameId "2160767911686583"]
[EventDate "2000.07.08"]
[EventType "swiss"]
[EventRounds "10"]
[EventCountry "CAN"]
[SourceTitle "EXT 2001"]
[Source "ChessBase"]
[SourceDate "2000.11.22"]
[SourceVersion "1"]
[SourceVersionDate "2000.11.22"]
[SourceQuality "1"]

1. e4 c5 2. Nf3 e6 3. d4 cxd4 4. Nxd4 a6 5. Bd3 Nf6 6. Qe2 d6 7. f4 g6 8. Nf3 Bg7 9. Nc3 Qc7 10. Bd2 O-O 11. O-O-O Nc6 12. Rhe1 b5 13. e5 dxe5 14. fxe5 Nd7 15. Bf4 Bb7 16. Kb1 Nc5 17. Ng5 Rad8 18. Qf2 Ne7 19. Nce4 Bxe4 20. Nxe4 Nxe4 21. Rxe4 Rd5 22. Rde1 Nc6 23. Qe2 Rfd8 24. g3 R8d7 25. h4 Nd4 1/2-1/2

[Event "CAN-op"]
[Site "Edmonton CAN"]
[Date "2000.07.12"]
[Round "6"]
[White "Schmitz, Andreas"]
[Black "Nishida, Harold"]
[Result "1/2-1/2"]
[WhiteElo "2182"]
[BlackElo "2037"]
[PlyCount "121"]
[GameId "2160767911694776"]
[EventDate "2000.07.08"]
[EventType "swiss"]
[EventRounds "10"]
[EventCountry "CAN"]

1. e4 c5 2. c3 d6 3. d4 cxd4 4. cxd4 g6 5. Bc4 Bg7 6. Qa4+ Nc6 7. d5 Qa5+ 8. Qxa5 Nxa5 9. Bd3 Bd7 10. Ne2 Rc8 11. Nbc3 Nc4 12. f4 Nb6 13. Be3 Nc4 14. Bxc4 Rxc4 15. Bxa7 Bg4 16. Rc1 Nf6 17. h3 Bxe2 18. Kxe2 Nh5 19. Kf3 f5 20. g4 fxe4+ 21. Nxe4 Rxe4 22. Kxe4 Ng3+ 23. Kf3 Nxh1 24. Rxh1 Kd7 25. Be3 Ra8 26. a3 Rc8 27. Rh2 Rc4 28. Rd2 Rc1 29. Bd4 Bxd4 30. Rxd4 Rc2 31. Rb4 Kc7 32. Rb5 Rh2 33. Kg3 Rd2 34. Kh4 Rd4 35. Kg5 Rd3 36. h4 Rd4 37. f5 h6+ 38. Kxh6 gxf5 39. gxf5 Rxh4+ 40. Kg6 Rg4+ 41. Kf7 Rf4 42. Kg6 Rg4+ 43. Kh5 Re4 44. Kg5 Rd4 45. b4 Re4 46. Ra5 Rd4 47. f6 exf6+ 48. Kxf6 Rf4+ 49. Kg5 Re4 50. Kf5 Re5+ 51. Kf4 Re8 52. a4 Re7 53. Ra8 Re5 54. Rh8 Rxd5 55. Ke4 Rd1 56. Rh5 Ra1 57. Ra5 Rb1 58. Rb5 Kc6 59. Kd4 Rd1+ 60. Kc3 Rc1+ 61. Kd4 1/2-1/2

[Event "CAN-op"]
[Site "Edmonton CAN"]
[Date "2000.07.12"]
[Round "6"]
[White "Schmitz, Manuela"]
[Black "Jewlal, Derrick"]
[Result "1-0"]
[WhiteElo "2121"]
[BlackElo "1908"]
[PlyCount "93"]
[GameId "2160767911694777"]
[EventDate "2000.07.08"]
[EventType "swiss"]
[EventRounds "10"]
[EventCountry "CAN"]

1. d4 Nf6 2. c4 e5 3. dxe5 Ng4 4. Bf4 Bb4+ 5. Nd2 Nc6 6. Ngf3 d6 7. exd6 cxd6 8. a3 Bc5 9. e3 a5 10. Ne4 O-O 11. h3 Nf6 12. Bg5 Re8 13. Bxf6 gxf6 14. Nxc5 dxc5 15. Qxd8 Rxd8 16. Be2 Kh8 17. O-O Rg8 18. Kh2 Be6 19. Rad1 Rg6 20. Nh4 Rg7 21. f4 Rag8 22. f5 Bc8 23. Rd6 Re8 24. Bf3 Ne5 25. Bd5 h5 26. Rxf6 Reg8 27. Rh6+ Rh7 28. Rxh7+ Kxh7 29. Nf3 Re8 30. Nxe5 Rxe5 31. e4 Kh6 32. Kg3 Kg5 33. h4+ Kf6 34. Rg1 b6 35. Kf4 Bxf5 36. exf5 Rxf5+ 37. Ke3 Re5+ 38. Kd3 Rf5 39. Re1 Rf4 40. Re4 Rf2 41. Re2 Rf4 42. g3 Rf1 43. Ke3 Kg6 44. Rf2 Rxf2 45. Kxf2 f6 46. Kf3 Kf5 47. Bf7 1-0

[Event "CAN-op"]
[Site "Edmonton CAN"]
[Date "2000.07.12"]
[Round "6"]
[White "Schulte, Oliver"]
[Black "Ross, Dave"]
[Result "1-0"]
[WhiteElo "2392"]
[BlackElo "2368"]
[PlyCount "54"]
[GameId "2160767911694778"]
[EventDate "2000.07.08"]
[EventType "swiss"]
[EventRounds "10"]
[EventCountry "CAN"]
[SourceTitle "EXT 2001"]
[Source "ChessBase"]
[SourceDate "2000.11.22"]
[SourceVersion "1"]
[SourceVersionDate "2000.11.22"]
[SourceQuality "1"]

1. e4 e6 2. Nf3 d5 3. Nc3 dxe4 4. Nxe4 Nd7 5. d4 Ngf6 6. Bd3 Nxe4 7. Bxe4 Nf6 8. Bg5 c5 9. Bxf6 Qxf6 10. Qd3 a6 11. O-O-O cxd4 12. Nxd4 g6 13. Kb1 Bg7 14. Qa3 Qf4 15. Bxb7 Bxb7 16. Qa4+ Bc6 17. Qxc6+ Ke7 18. Nxe6 fxe6 19. Rd7+ Kf6 20. Qc3+ e5 21. Qc6+ Kg5 22. Rxg7 Qxf2 23. Re7 Rac8 24. Rxe5+ Kh6 25. Qe4 Rhd8 26. Rc1 Rd2 27. g3 Rcd8 1-0

[Event "CAN-op"]
[Site "Edmonton CAN"]
[Date "2000.07.12"]
[Round "6"]
[White "Sekuloff, Mike"]
[Black "Lacroix, Peter"]
[Result "1/2-1/2"]
[WhiteElo "1725"]
[BlackElo "1423"]
[PlyCount "70"]
[GameId "2160767911694779"]
[EventDate "2000.07.08"]
[EventType "swiss"]
[EventRounds "10"]
[EventCountry "CAN"]

1. d4 Nf6 2. Nf3 d6 3. c4 g6 4. Nc3 Bg7 5. e4 O-O 6. Bd3 c5 7. d5 Bg4 8. O-O Nbd7 9. Bf4 Nh5 10. Bg3 Nxg3 11. fxg3 Ne5 12. Qc2 Qd7 13. Nxe5 Bxe5 14. h3 Bxh3 15. gxh3 Qxh3 16. Qh2 Qxg3+ 17. Qxg3 Bxg3 18. Rf3 Be5 19. Bc2 b6 20. Raf1 a6 21. b3 f6 22. Ne2 h5 23. Kf2 Kg7 24. Ke1 Rh8 25. Rg1 Rag8 26. Nf4 Bxf4 27. Rxf4 g5 28. Rf5 Kf7 29. Bd1 g4 30. Kf2 Rg5 31. Ke3 e5 32. Rgf1 Rxf5 33. Rxf5 Kg6 34. Kf2 Rh6 35. a3 Kf7 1/2-1/2

[Event "CAN-op"]
[Site "Edmonton CAN"]
[Date "2000.07.12"]
[Round "6"]
[White "Stone, Gerald"]
[Black "McLaughlin, Robert"]
[Result "1-0"]
[WhiteElo "1501"]
[BlackElo "1288"]
[PlyCount "75"]
[GameId "2160767911694780"]
[EventDate "2000.07.08"]
[EventType "swiss"]
[EventRounds "10"]
[EventCountry "CAN"]

1. d4 Nf6 2. Nc3 e6 3. a3 d5 4. Bg5 Nbd7 5. e3 a6 6. Bd3 c5 7. Nf3 Be7 8. Bxf6 Bxf6 9. Ne2 c4 10. Bxh7 Rxh7 11. c3 Nb8 12. O-O Nc6 13. Qc2 Rh8 14. e4 Na5 15. e5 Bg5 16. Ng3 Bd7 17. Rad1 Qe7 18. Ne1 Nb3 19. f4 Bh4 20. Nf3 Bxg3 21. hxg3 O-O-O 22. Kf2 Ba4 23. Qe2 Na5 24. Rb1 Rde8 25. Rh1 Qd8 26. Ng5 Rxh1 27. Rxh1 Rf8 28. Rh7 Be8 29. Rxg7 Qd7 30. Nh7 Rh8 31. Nf6 Qe7 32. Qg4 Kb8 33. Rg8 Rxg8 34. Qxg8 Nc6 35. Nxe8 Nd8 36. Nd6 f6 37. Qh8 Ka7 38. Nc8+ 1-0

[Event "CAN-op"]
[Site "Edmonton CAN"]
[Date "2000.07.12"]
[Round "6"]
[White "Stringer, Lynn"]
[Black "Deimert, David"]
[Result "1/2-1/2"]
[WhiteElo "1656"]
[BlackElo "1099"]
[PlyCount "76"]
[GameId "2160767911694781"]
[EventDate "2000.07.08"]
[EventType "swiss"]
[EventRounds "10"]
[EventCountry "CAN"]

1. e4 c5 2. Nf3 d6 3. d4 cxd4 4. Nxd4 Nf6 5. Nc3 g6 6. Bd3 Bg7 7. Be3 O-O 8. Qd2 Bd7 9. f4 Nc6 10. h3 Nxd4 11. Bxd4 Bc6 12. O-O-O a6 13. Bc4 Rc8 14. Qe2 b5 15. Bb3 Qd7 16. a3 Qb7 17. Rhe1 Rfe8 18. g4 Rcd8 19. h4 Bd7 20. g5 Bg4 21. Qe3 Nh5 22. Rd2 Bxd4 23. Rxd4 Bd7 24. e5 dxe5 25. Qxe5 e6 26. Ne4 Qb6 27. Red1 Re7 28. Nc5 Qa7 29. a4 Ng7 30. Qf6 Kf8 31. Rd6 Qxc5 32. R1d4 Qa7 33. axb5 axb5 34. Qe5 Qa1+ 35. Kd2 Qxb2 36. Qf6 Qa3 37. Rd3 Qa5+ 38. Ke2 Qc7 1/2-1/2

[Event "CAN-op"]
[Site "Edmonton CAN"]
[Date "2000.07.12"]
[Round "6"]
[White "Strub, Michael"]
[Black "Lynn, Jim"]
[Result "1-0"]
[WhiteElo "1579"]
[BlackElo "1904"]
[PlyCount "25"]
[GameId "2160767911694782"]
[EventDate "2000.07.08"]
[EventType "swiss"]
[EventRounds "10"]
[EventCountry "CAN"]

1. d4 Nf6 2. c4 g6 3. Nc3 d5 4. Nf3 Bg7 5. e3 O-O 6. Bd3 dxc4 7. Bxc4 c5 8. O-O Bg4 9. dxc5 Qc7 10. h3 Rd8 11. Bxf7+ Kxf7 12. Qb3+ Be6 13. Ng5+ 1-0

[Event "CAN-op"]
[Site "Edmonton CAN"]
[Date "2000.07.12"]
[Round "6"]
[White "Sullivan, Brian"]
[Black "MacFarlane, Donald"]
[Result "1-0"]
[WhiteElo "1746"]
[BlackElo "1484"]
[PlyCount "35"]
[GameId "2160767911694783"]
[EventDate "2000.07.08"]
[EventType "swiss"]
[EventRounds "10"]
[EventCountry "CAN"]

1. e4 e5 2. Nf3 Nf6 3. Nc3 Nc6 4. d4 Ne7 5. dxe5 Nfg8 6. Bg5 d6 7. exd6 cxd6 8. Bc4 Qc7 9. Bb3 Bg4 10. O-O Nc6 11. Nd5 Qd7 12. Qd3 f5 13. exf5 Bxf5 14. Rfe1+ Be7 15. Qe2 Kd8 16. Nxe7 Ncxe7 17. Rad1 Rc8 18. Bxg8 1-0

[Event "CAN-op"]
[Site "Edmonton CAN"]
[Date "2000.07.12"]
[Round "6"]
[White "Sutton, Jack"]
[Black "Bradbrooke, Wally"]
[Result "1-0"]
[WhiteElo "1331"]
[BlackElo "1233"]
[PlyCount "75"]
[GameId "2160767911694784"]
[EventDate "2000.07.08"]
[EventType "swiss"]
[EventRounds "10"]
[EventCountry "CAN"]

1. e4 c5 2. Nf3 e6 3. d4 Nc6 4. Be3 Qb6 5. b3 Nf6 6. Bd3 Qa5+ 7. Bd2 Qb6 8. Be3 g5 9. e5 Nd5 10. Bxg5 cxd4 11. Bd2 d6 12. exd6 Bxd6 13. c3 e5 14. O-O Rg8 15. Bxh7 Rg7 16. Be4 Bh3 17. Nh4 O-O-O 18. Bxd5 Ne7 19. Bf3 Nf5 20. Nxf5 Rgg8 21. Nxd6+ Rxd6 22. Qc1 Kb8 23. Re1 f6 24. Na3 Qc7 25. c4 Qg7 26. g3 f5 27. Kh1 Rg6 28. Rg1 f4 29. Bxf4 exf4 30. Qxf4+ Ka8 31. Rad1 Rd8 32. Nb5 Bg4 33. Nc7+ Kb8 34. Ne6+ Ka8 35. Kg2 Bxe6 36. Qe4 Rh6 37. g4 Qh8 38. Qxb7# 1-0

[Event "CAN-op"]
[Site "Edmonton CAN"]
[Date "2000.07.12"]
[Round "6"]
[White "Tassone, Adam"]
[Black "Dewindt, Cor"]
[Result "0-1"]
[WhiteElo "1258"]
[BlackElo "1573"]
[PlyCount "82"]
[GameId "2160767911694785"]
[EventDate "2000.07.08"]
[EventType "swiss"]
[EventRounds "10"]
[EventCountry "CAN"]

1. e4 c6 2. d4 d5 3. Nc3 dxe4 4. Nxe4 Bf5 5. Ng3 Bg6 6. Nf3 e6 7. Be3 Nf6 8. Bd3 Bxd3 9. Qxd3 Nbd7 10. O-O Be7 11. Rad1 O-O 12. Rd2 Qc7 13. Re1 Rfd8 14. Bg5 Nf8 15. Ne5 c5 16. Qc3 Nd5 17. Qc4 Bxg5 18. Rde2 cxd4 19. Qxc7 Nxc7 20. Nf3 Bf6 21. Re4 Rd7 22. Rg4 Ng6 23. h4 Ne8 24. h5 Nh8 25. h6 Ng6 26. hxg7 Nxg7 27. Ne4 Be7 28. Neg5 Rd5 29. g3 Bxg5 30. Nxg5 f5 31. Nxh7 Kxh7 32. Rg5 e5 33. Kg2 Kh6 34. Rg1 Kxg5 35. f4+ exf4 36. gxf4+ Kxf4 37. Kh3 Rd6 38. Rf1+ Ke5 39. Re1+ Kf6 40. Rd1 Re8 41. c3 d3 0-1

[Event "CAN-op"]
[Site "Edmonton CAN"]
[Date "2000.07.12"]
[Round "6"]
[White "Taylor, Ian"]
[Black "Palcic, Branko"]
[Result "1-0"]
[WhiteElo "1304"]
[BlackElo "1676"]
[PlyCount "43"]
[GameId "2160767911694786"]
[EventDate "2000.07.08"]
[EventType "swiss"]
[EventRounds "10"]
[EventCountry "CAN"]

1. g3 e6 2. e4 d5 3. exd5 exd5 4. d4 Nf6 5. Bg2 Be7 6. Ne2 O-O 7. O-O c6 8. Bf4 Bg4 9. Nd2 Nbd7 10. Bf3 b5 11. Bxg4 Nxg4 12. Nc1 Ngf6 13. Nd3 a5 14. a3 Re8 15. Re1 Nf8 16. Bg5 Qd7 17. Bxf6 Bxf6 18. Nf3 Ng6 19. Qd2 h5 20. Nfe5 Nxe5 21. Nxe5 h4 22. Nxd7 1-0

[Event "CAN-op"]
[Site "Edmonton CAN"]
[Date "2000.07.12"]
[Round "6"]
[White "Taylor, William"]
[Black "Bestvater, Eric"]
[Result "1-0"]
[WhiteElo "2022"]
[BlackElo "1699"]
[PlyCount "75"]
[GameId "2160767911694787"]
[EventDate "2000.07.08"]
[EventType "swiss"]
[EventRounds "10"]
[EventCountry "CAN"]

1. b3 d6 2. f4 Nc6 3. Bb2 Bf5 4. Nf3 e6 5. e3 Be7 6. Bb5 Nf6 7. O-O O-O 8. Bxc6 bxc6 9. Nd4 Bg4 10. Nxc6 Qd7 11. Nxe7+ Qxe7 12. Qe1 Rab8 13. h3 Bf5 14. d3 h6 15. e4 Bh7 16. Qh4 Kh8 17. Bxf6 Qxf6 18. Qxf6 gxf6 19. Nd2 c5 20. f5 h5 21. Rf4 Kg7 22. Raf1 a5 23. a4 Rbe8 24. Nc4 d5 25. exd5 exd5 26. Nxa5 Re7 27. c3 Rfe8 28. b4 Ra8 29. Nb3 cxb4 30. Rxb4 Re2 31. Rf3 Re1+ 32. Kh2 Rae8 33. a5 Rd1 34. Kg3 Kh6 35. a6 Rg1 36. Kh2 Ree1 37. a7 h4 38. Rxh4+ 1-0

[Event "CAN-op"]
[Site "Edmonton CAN"]
[Date "2000.07.12"]
[Round "6"]
[White "Tessier, Olivier"]
[Black "Leku, Eset"]
[Result "1-0"]
[WhiteElo "2001"]
[BlackElo "1713"]
[PlyCount "97"]
[GameId "2160767911694788"]
[EventDate "2000.07.08"]
[EventType "swiss"]
[EventRounds "10"]
[EventCountry "CAN"]

1. c4 c5 2. Nc3 g6 3. g3 Bg7 4. Bg2 Nc6 5. e3 d6 6. Nge2 Nh6 7. O-O O-O 8. d4 e6 9. b3 a6 10. Bb2 Nf5 11. d5 exd5 12. Bxd5 Nfe7 13. Bg2 Bg4 14. Qd2 Qc7 15. Nd5 Nxd5 16. Bxd5 Bxb2 17. Qxb2 Bh3 18. Rfd1 Ne5 19. Nf4 Bg4 20. Rd2 Nf3+ 21. Bxf3 Bxf3 22. Nd5 Bxd5 23. Rxd5 Rad8 24. Rad1 Rd7 25. Qf6 Qd8 26. Qf4 Qe7 27. Rxd6 Rfd8 28. Rxd7 Rxd7 29. Rxd7 Qxd7 30. Qb8+ Kg7 31. Qe5+ Kg8 32. Qxc5 Kg7 33. Qd4+ Qxd4 34. exd4 Kf6 35. Kf1 Kf5 36. Ke2 Ke6 37. Ke3 h6 38. d5+ Ke5 39. f4+ Kd6 40. Kd4 b6 41. b4 f6 42. c5+ bxc5+ 43. bxc5+ Kd7 44. Kc4 Kc7 45. Kb4 Kb7 46. Ka5 Ka7 47. c6 f5 48. d6 g5 49. d7 1-0

[Event "CAN-op"]
[Site "Edmonton CAN"]
[Date "2000.07.12"]
[Round "6"]
[White "Tootoosis, Harold"]
[Black "Newton, Geoff"]
[Result "0-1"]
[WhiteElo "1801"]
[BlackElo "2044"]
[PlyCount "110"]
[GameId "2160767911694789"]
[EventDate "2000.07.08"]
[EventType "swiss"]
[EventRounds "10"]
[EventCountry "CAN"]

1. e4 Nf6 2. e5 Nd5 3. Nc3 Nxc3 4. bxc3 e6 5. d4 d5 6. Nf3 c5 7. Be2 Nc6 8. O-O Be7 9. Re1 c4 10. Kh1 Qa5 11. Bd2 Ba3 12. Qb1 Rb8 13. Bc1 Qxc3 14. Bxa3 Qxa3 15. Bf1 Bd7 16. Re3 Qe7 17. c3 f6 18. Be2 b5 19. a3 f5 20. Ne1 O-O 21. Nc2 a5 22. Qe1 f4 23. Rh3 Be8 24. Rb1 Bg6 25. Qd1 Qg5 26. Rb2 Bf5 27. g4 Be4+ 28. f3 Qxg4 29. Qf1 Qf5 30. fxe4 dxe4 31. Rh5 Qf7 32. Bg4 g6 33. Rh6 Ne7 34. Rh3 Nd5 35. Qe1 f3 36. Qf2 Nf4 37. Ne1 h5 38. Rxf3 exf3 39. Bxf3 Qf5 40. Qg3 Nd3 41. Nxd3 Qxd3 42. Rf2 Rf7 43. h4 Rbf8 44. Kg2 Kh7 45. d5 exd5 46. e6 Rxf3 47. Rxf3 Qxf3+ 48. Qxf3 Rxf3 49. Kxf3 Kg7 50. Kf4 Kf6 51. e7 Kxe7 52. Ke5 b4 53. axb4 axb4 54. cxb4 c3 55. Kxd5 c2 0-1

[Event "CAN-op"]
[Site "Edmonton CAN"]
[Date "2000.07.12"]
[Round "6"]
[White "Tsui, Alick"]
[Black "Osthoff, Dieter"]
[Result "0-1"]
[WhiteElo "1106"]
[BlackElo "1610"]
[PlyCount "40"]
[GameId "2160767911694790"]
[EventDate "2000.07.08"]
[EventType "swiss"]
[EventRounds "10"]
[EventCountry "CAN"]

1. e4 e5 2. Nf3 d6 3. Nc3 Nf6 4. d4 Bg4 5. dxe5 Bxf3 6. Qxf3 dxe5 7. Bc4 Be7 8. O-O c6 9. Be3 Qc7 10. Qg3 Nh5 11. Qg4 g6 12. f4 exf4 13. Bxf4 Nxf4 14. Rxf4 O-O 15. Kh1 Bd6 16. Rf3 Nd7 17. Raf1 Ne5 18. Qh3 Nxc4 19. b3 Nd2 20. Rxf7 Rxf7 0-1

[Event "CAN-op"]
[Site "Edmonton CAN"]
[Date "2000.07.12"]
[Round "6"]
[White "Tsui, Edwin"]
[Black "Bojovic, Gavrilo"]
[Result "0-1"]
[WhiteElo "1548"]
[BlackElo "2093"]
[PlyCount "90"]
[GameId "2160767911694791"]
[EventDate "2000.07.08"]
[EventType "swiss"]
[EventRounds "10"]
[EventCountry "CAN"]

1. e4 e5 2. Nf3 d5 3. exd5 e4 4. Qe2 Nf6 5. Nc3 Bd6 6. d3 O-O 7. dxe4 Bb4 8. Bd2 Re8 9. e5 Bg4 10. O-O-O Nbd7 11. Qc4 Bxf3 12. gxf3 Bxc3 13. Bxc3 Nxe5 14. Qh4 Qd6 15. f4 Ng6 16. Qg3 Ne4 17. Qf3 Nxc3 18. Qxc3 Nxf4 19. Rg1 g6 20. Kb1 Nxd5 21. Qf3 Rad8 22. Be2 Qe5 23. Bc4 c6 24. a3 Qe4 25. Qb3 b5 26. Bd3 Qf3 27. Rdf1 Nf4 28. Rg3 Qd5 29. Qc3 Nxd3 30. Rxd3 Qg2 31. Rfd1 Rxd3 32. Rxd3 Qxf2 33. Qxc6 Qe1+ 34. Ka2 Qe6+ 35. Qd5 Qxd5+ 36. Rxd5 a6 37. Kb3 f5 38. Rd4 Re2 39. h4 Kf7 40. Kc3 Ke6 41. Kd3 Rg2 42. b3 Rg4 43. c4 Rxd4+ 44. Kxd4 bxc4 45. Kxc4 Kd6 0-1

[Event "CAN-op"]
[Site "Edmonton CAN"]
[Date "2000.07.12"]
[Round "6"]
[White "Tuason, Alfred"]
[Black "Miller, Brian"]
[Result "1-0"]
[WhiteElo "1558"]
[BlackElo "1854"]
[PlyCount "139"]
[GameId "2160767911694792"]
[EventDate "2000.07.08"]
[EventType "swiss"]
[EventRounds "10"]
[EventCountry "CAN"]

1. b3 Nf6 2. Bb2 c5 3. c4 g6 4. Nc3 Bg7 5. d3 Nc6 6. Nf3 d6 7. e3 O-O 8. Be2 Bd7 9. O-O a6 10. Rb1 Na7 11. a4 b5 12. Nd5 b4 13. Ra1 Bc6 14. Nxf6+ exf6 15. Re1 Bb7 16. d4 Nc6 17. d5 Ne5 18. Rb1 Re8 19. h3 Bc8 20. Nh2 Bf5 21. Rc1 Bc8 22. Rb1 Kf8 23. Ng4 Kg8 24. Qd2 h5 25. Nh2 Kf8 26. Qd1 Ke7 27. Ba1 Kd7 28. f4 Kc7 29. fxe5 fxe5 30. e4 Bxh3 31. gxh3 Qg5+ 32. Kh1 f5 33. Rg1 Qf6 34. Qf1 f4 35. Bf3 Bh6 36. Qg2 Rg8 37. Rb2 Rg7 38. Qf1 Rag8 39. Rbg2 Qh4 40. Bg4 hxg4 41. Rxg4 Qf6 42. Nf3 g5 43. R1g2 Kd8 44. Qg1 Ke8 45. h4 gxh4 46. Rxg7 Rxg7 47. Rxg7 Bxg7 48. Qg5 Qxg5 49. Nxg5 Bf6 50. Nf3 Kf7 51. Kh2 Kg6 52. Kh3 Kh5 53. Bb2 Be7 54. Bc1 Bf6 55. Bd2 Be7 56. Be1 Bd8 57. Bxh4 Bxh4 58. Nxh4 Kg5 59. Nf3+ Kh5 60. Kg2 Kg4 61. Nh2+ Kh4 62. Kf3 Kh5 63. Ng4 Kg5 64. Nf2 Kh4 65. Nd1 Kh3 66. a5 Kh4 67. Nb2 Kh3 68. Na4 Kh4 69. Nxc5 dxc5 70. d6 1-0

[Event "CAN-op"]
[Site "Edmonton CAN"]
[Date "2000.07.12"]
[Round "6"]
[White "Venning, Ron"]
[Black "Ward, Hilton"]
[Result "1/2-1/2"]
[WhiteElo "1713"]
[BlackElo "1369"]
[PlyCount "89"]
[GameId "2160767911694794"]
[EventDate "2000.07.08"]
[EventType "swiss"]
[EventRounds "10"]
[EventCountry "CAN"]

1. e4 e5 2. f4 exf4 3. Nf3 d5 4. exd5 Nf6 5. Bc4 Nxd5 6. O-O Be6 7. Qe2 Be7 8. d4 O-O 9. Nc3 Nxc3 10. bxc3 Bxc4 11. Qxc4 Bd6 12. Qb5 b6 13. Qh5 Nd7 14. Ng5 Nf6 15. Qh4 h6 16. Nh3 Nd5 17. Qg4 Ne3 18. Bxe3 fxe3 19. Rae1 Re8 20. Re2 Re7 21. Rfe1 Qf8 22. Rxe3 Rxe3 23. Rxe3 Re8 24. Qe2 Rxe3 25. Qxe3 Qe7 26. Qxe7 Bxe7 27. Nf4 Kf8 28. a4 Bd6 29. Ne2 Ke7 30. c4 Ke6 31. g3 g5 32. h3 f5 33. Kf2 c6 34. Kf3 Kf6 35. g4 f4 36. Ke4 Ke6 37. c3 Kf6 38. d5 c5 39. Nc1 Kg6 40. Nb3 h5 41. Na1 hxg4 42. hxg4 Kf6 43. Nc2 Be5 44. Na3 a6 45. Nb1 1/2-1/2

[Event "CAN-op"]
[Site "Edmonton CAN"]
[Date "2000.07.12"]
[Round "6"]
[White "Xu, Sheng Jun"]
[Black "Long, Hugh"]
[Result "1-0"]
[WhiteElo "2100"]
[BlackElo "1928"]
[PlyCount "65"]
[GameId "2160767911694795"]
[EventDate "2000.07.08"]
[EventType "swiss"]
[EventRounds "10"]
[EventCountry "CAN"]

1. e4 c5 2. Nf3 d6 3. d4 cxd4 4. Nxd4 Nf6 5. Nc3 a6 6. Be3 Nc6 7. f3 e6 8. Qd2 Be7 9. g4 Nxd4 10. Bxd4 e5 11. Be3 O-O 12. g5 Nh5 13. Nd5 b5 14. O-O-O Re8 15. Rg1 Rb8 16. Qf2 Be6 17. Kb1 Bxd5 18. Rxd5 Qc7 19. Bh3 g6 20. Bg4 Ng7 21. h4 Ne6 22. Bxe6 fxe6 23. Rd3 b4 24. h5 Kg7 25. Rh1 a5 26. Qh2 Rh8 27. f4 h6 28. fxe5 Bxg5 29. Bxg5 hxg5 30. exd6 Qf7 31. Qe5+ Qf6 32. h6+ Kf7 33. Rf3 1-0